Regions of Eritrea - Statistics

General Stats
  • This quiz has been taken 1,095 times
  • The average score is 4 of 6
Answers on the Map
Answers color-coded by a green-red scale on the quiz's map according to % correct below.
 
Answer Stats
Region % Correct
Southern Red Sea Region
90%
Northern Red Sea Region
89%
Maekel Region
70%
Anseba Region
62%
Gash-Barka Region
54%
Debub Region
46%
No matching quizzes found
Score Distribution
Percent of People with Each Score
Percentile by Number Answered
Your Score History
You have not taken this quiz